000 00985nam a2200253 i 4500
001 74641
003 ES-MaACL
005 20250723120639.0
007 t|
008 040920s1903 sp ||||1| spa d
080 _a821.134.2.09"19"
100 1 _aGonzález Serrano, U.,
_d1848-1904
_958968
245 1 3 _aLa literatura del día
_b: (1900 a 1903) /
_cUrbano González Serrano.
260 _aBarcelona :
_bHenrich y Cª,
_c1903.
300 _a254 p. ;
_c19 cm.
490 1 _aBiblioteca de escritores contemporáneos ;
_v1
530 _aDisponible en formato digital.
650 4 _aLiteratura española-
_yS.XX-
_xHistoria y crítica.
_9141686
830 1 _aBiblioteca de escritores contemporáneos ;
_v1
_9226607
852 _aES-MaACL
_jF-8800
_cDEPO2
_zRevisado enlace: 23 de julio de 2025
856 4 _uhttp://ciconia.gobex.es/biblioteca/es/consulta/registro.cmd?id=8808
_y(Biblioteca Digital del Patrimonio Cultural de Extremadura)
942 _2udc
999 _c74641
_d74641